000 01369nam a2200361 a 4500
001 000108929
003 CHAP
005 20220329144030.0
008 140320s2013 mx sm |||||||spa d
010 _a105391
011 _a106363
040 _cCHAP
090 _aTesis
100 1 _aSantoyo Rodríguez, Luis Enrique
_9126018
245 1 0 _aAnálisis de la competitividad de limón Persa en el municipio de Tlapacoyan, Veracruz
_h[En línea]
_cpor Luis Enrique Santoyo Rodríguez.
260 _aChapingo, Méx. :
_bEl autor,
_c2013.
500 _aPara ver el contenido del material haga clic en la liga
502 _aTesis (Ing. Agr. Esp. en Economía Agrícola) -- UACH. División de Ciencias Económico Administrativas
590 _aBATCH-UPD
_b05
_c20140324
_lUCH01
_h1537
590 _aBATCH-UPD
_b05
_c20141002
_lUCH01
_h0858
590 _aE6096MTM
_b05
_c20140320
_lUCH01
_h1314
590 _aE6096MTM
_b05
_c20140320
_lUCH01
_h1315
650 1 4 _aAnálisis de costos y beneficio
_95966
650 1 4 _aCompetencia.
_926091
650 1 4 _aLimón persa
_xCostos de producción.
_966867
650 1 4 _aLimón persa
_xProducción.
_966872
650 1 4 _aLimón persa
_xRendimiento.
_966873
650 1 4 _aLimón persa
_zVeracruz.
_966879
856 _aFinding aid
_uhttp://10.13.5.2/tesis/sist108929.pdf
_zTeclea aquí
901 _aBK
942 _cTESIS
942 _n0
999 _c105391
_d105391